000 00418nam a2200181Ia 4500
001 9681
005 20260306161736.0
008 260306t2001||||xx |||||||||||||| ||spa||
041 _aESP
082 _a393.985
_bM58
100 _aMillones, Luis
_eAUT
245 0 _aLa memoria de los ancestros
260 _c2001
300 _a256 páginas :
_c20 cm.
650 _aGEN
654 _aCHU
942 _cLIB
_dJUS
_fJUS
_2ddc
_n
999 _c9681
_d9681